000 00814nam a2200265u 4500
001 19396
003 BD-RjUL
005 20211209000427.0
008 810203s1950 nyu 000 0 eng
035 _a(BD-RjUL)19456
040 _aDLC
_cCarP
_dDLC
_dBD-RjUL
_beng
041 _aeng
082 _a657
_bOWA 1950
100 1 _aOwens, Richard Norman,
_d1894- [from old catalog]
_959627
245 0 0 _aAccounting :
_bElementary theory and practice /
_cRichard Norman Owens and Ralph Date Kennedy
250 _a3d ed.
260 _aNew York :
_bVan Nostrand ,
_cc1950.
300 _avi, 641 p. ;
_c23 cm.
504 _aIncludes index.
650 0 _aAccounting.
_959628
700 1 _aKennedy, Ralph Dale,
_d1897- [from old catalog]
_9230164
942 _2ddc
_cBK
999 _c19396
_d19396